Statistics for NBA 22 Assists in a Game

Click here to take the quiz!

General Stats

  • This quiz has been taken 77 times
  • The average score is 10 of 35

Answer Stats

TimesBestAnswer% Correct
1328John Stockton
93%
123Jerry West
80%
824Magic Johnson
79%
125Jason Kidd
73%
223Steve Nash
69%
324Russell Westbrook
67%
125Kevin Johnson
66%
325Rajon Rondo
64%
128Bob Cousy
56%
225Isiah Thomas
54%
222Oscar Robertson
53%
122Mark Jackson
43%
222Art Williams
37%
130Scott Skiles
37%
122Andre Miller
29%
122Tim Hardaway
26%
929Kevin Porter
24%
123Nate Archibald
24%
123Fat Lever
14%
122Doc Rivers
9%
224John Lucas
9%
123Mookie Blaylock
9%
123Nick Van Exel
6%
228Guy Rodgers
4%
123Jamaal Tinsley
4%
125Ernie DiGregorio
3%
124Ramon Sessions
3%
122Chris Duhon
1%
222Ennis Whatley
1%
127Geoff Huston
1%
122George McCloud
1%
125Nate McMillan
1%
122Robert Pack
1%
122Allen Leavell
0%
122Sherman Douglas
0%

Score Distribution

Percentile by Number Answered

Percent of People with Each Score

Your Score History

You have not taken this quiz